000 005180000a22001810004500
041 0 _aENG
082 0 4 _aG 239 M1433d
100 1 _aMacfarland, Charles S.
245 1 0 _aA digest of christian thinking / Charles S. Macfarland
260 _aNew York, USA : Fleming H. Revell
300 _a192 Pag
650 1 4 _aTEOLOGIA - SIGLO XX \ PENSAMIENTO RELIGIOSO - SIGLO XX
001 4735
942 _cBK
999 _c35296
_d35296
336 _atexto
_btxt
_2rdacontent
337 _2rdamedia
_asin mediación
_bn
338 _2rdacarrier
_avolumen
_bnc